Normal view
MARC view
- Natacha Ledwidge
Entry Personal Name
001 - CONTROL NUMBER
- control field: 85925
003 - CONTROL NUMBER IDENTIFIER
- control field: OSt
005 - DATE AND TIME OF LATEST TRANSACTION
- control field: 20250113110122.0
008 - FIXED-LENGTH DATA ELEMENTS
- fixed length control field: 250113|| aca||aabn | a|a d
040 ## - CATALOGING SOURCE
- Original cataloging agency: OSt
- Transcribing agency: OSt
100 ## - HEADING--PERSONAL NAME
- Personal name: Natacha Ledwidge
670 ## - SOURCE DATA FOUND
- Source citation: Work cat.: (OSt)48176: Kessler, Liz. 85924, Emily Windsnap and the land of the midnight sun / , 2012.